Catálogo

Nelson, tratado de pediatría / (Registro nro. 51075)

Detalles MARC
000 -LEADER
fixed length control field 01524cam a2200385 i 4500
001 - CONTROL NUMBER
control field 51075
003 - CONTROL NUMBER IDENTIFIER
control field Mx-PuUPA
005 - DATE AND TIME OF LATEST TRANSACTION
control field 20221122121100.0
008 - FIXED-LENGTH DATA ELEMENTS--GENERAL INFORMATION
fixed length control field 140415s2016 sp ad r 000 0 spa d
020 ## - INTERNATIONAL STANDARD BOOK NUMBER
International Standard Book Number 9788491130154
020 ## - INTERNATIONAL STANDARD BOOK NUMBER
International Standard Book Number 9788491130154 (volumen 1)
020 ## - INTERNATIONAL STANDARD BOOK NUMBER
International Standard Book Number 9788491130147 (volumen 2)
040 ## - CATALOGING SOURCE
Original cataloging agency MX-PuUPA
Language of cataloging spa
Description conventions rda
Transcribing agency Mx-PuUPA
Modifying agency Mx-PuUPA
041 1# - LANGUAGE CODE
Language code of text/sound track or separate title spa
Language code of original eng
130 0# - MAIN ENTRY--UNIFORM TITLE
Uniform title Nelson, textbook of pediatrics
245 10 - TITLE STATEMENT
Title Nelson, tratado de pediatría /
Statement of responsibility, etc. editores, Robert M. Kliegman, Bonita F. Stanton, Nina F. Schor, Joseph W. St Geme ; editor emérito, Richard E. Behrman ; traducción, Elsevier España
250 ## - EDITION STATEMENT
Edition statement 20a. edición
264 #4 - PRODUCTION, PUBLICATION, DISTRIBUTION, MANUFACTURE, AND COPYRIGHT NOTICE
Place of production, publication, distribution, manufacture Barcelona, España :
Name of producer, publisher, distributor, manufacturer Elsevier España,
Date of production, publication, distribution, manufacture, or copyright notice ©2016
300 ## - PHYSICAL DESCRIPTION
Extent 2 volúmenes (paginación varía) :
Other physical details ilustraciones, gráficas ;
Dimensions 29 cm.
336 ## - CONTENT TYPE
Content type term texto
Fuente rdacontent
Content type code txt
337 ## - MEDIA TYPE
Media type term sin medio
Source rdamedia
Media type code n
338 ## - CARRIER TYPE
Carrier type term volumen
Source rdacarrier
Carrier type code nc
650 #7 - SUBJECT ADDED ENTRY--TOPICAL TERM
Topical term or geographic name entry element Pediatría
Source of heading or term armarc
700 1# - ADDED ENTRY--PERSONAL NAME
Personal name Kliegman, Robert M.,
Relator term editor
700 1# - ADDED ENTRY--PERSONAL NAME
Personal name Stanton, Bonita F.,
Relator term editor
700 1# - ADDED ENTRY--PERSONAL NAME
Personal name Schor, Nina F.,
Relator term editor
700 1# - ADDED ENTRY--PERSONAL NAME
Personal name Geme, Joseph W. St,
Relator term editor
700 1# - ADDED ENTRY--PERSONAL NAME
Personal name Behrman, Richard E.,
Relator term editor emérito
700 1# - ADDED ENTRY--PERSONAL NAME
Relationship information Traducción de (obra):
Personal name Kliegman, Robert M.
Title of a work Nelson, textbook of pediatrics
710 2# - ADDED ENTRY--CORPORATE NAME
Corporate name or jurisdiction name as entry element Elsevier España,
Relator term traductor
942 ## - ADDED ENTRY ELEMENTS (KOHA)
Source of classification or shelving scheme Dewey Decimal Classification
Koha item type Libro
Classification part 618.92
Item part N415
Edition 618.92
Existencias
Withdrawn status Lost status Source of classification or shelving scheme Damaged status Not for loan Collection code Home library Current library Shelving location Date acquired Source of acquisition Serial Enumeration / chronology Total Checkouts Full call number Barcode Date last seen Price effective from Koha item type
    Dewey Decimal Classification     General Biblioteca Karol Wojtyla Biblioteca Karol Wojtyla Sala general 11/06/2018 Compra v.1   618.92 NEL 2016 99223 05/01/2026 11/06/2018 Libro
    Dewey Decimal Classification     General Biblioteca Karol Wojtyla Biblioteca Karol Wojtyla Sala general 24/09/2018   v.2   618.92 NEL 2016 99224 05/01/2026 24/09/2018 Libro